00795nam a2200169Ia 450000500170000000800410001702000150005808200130007310000220008624501400010826000350024830000130028350002130029694200060050995200950051599900150061020250120011830.0240331s9999 xx 000 0 und d a9555660018 bVIMa920 aVimaladharma, K.P 0aWomen in the Kandyan kingdom of the seventeenth century Sri Lanka :ba study in the application of gender theory in Historical Analysis aKandybVaruni Publishersc2003 a200 p ., a" Women in the Kandyan Kingdom" adds to the corpus of Knowledge on the position of women in Asia in pre-Colonial times and is a welcome addition to the growing literature on the History of women in Sri Lanka. cL 001040708LaWERCLbWERCLcSSCd2024-03-31l0o 920 VIMp4900r2024-03-31w2024-03-31yL c3458d3458